| 000 | 01111nam a2200229Ia 4500 | ||
|---|---|---|---|
| 003 | Ost | ||
| 005 | 20260507075025.0 | ||
| 008 | 260507s9999||||xx |||||||||||||| ||und|| | ||
| 020 | _a9957112902 | ||
| 040 | _cfsecg | ||
| 041 | _aara | ||
| 082 | _a330 | ||
| 100 |
_aالسلطان، جمال مصطفى عبد الله _eمؤلف |
||
| 245 | 0 |
_aالإستراتيجية الأمريكية في الشرق الأوسط / _c جمال مصطفى عبد الله السلطان |
|
| 260 |
_aعمان: _bدار وائل للنشر والتوزيع, _c2002 |
||
| 300 |
_a429 صفحة؛ _bإيضاحات ؛ _c24 سم |
||
| 520 | _aتطور الإستر اتيجية الأمريكية في الشرق الأوسط- الإستراتيجية الأمريكية وحرب الخليج الثانية- الولايات المتحدة والتسوية العربية الإسرائيلية- مرتكزات الإستراتيجية الأمريكية في الشرق الأوسط | ||
| 653 | _aالإستراتيجية | ||
| 653 | _aالأقليات | ||
| 653 | _aالسياسة الخارجية | ||
| 942 | _cكتاب | ||
| 999 |
_c42320 _d42320 |
||